Recognizing rift valley fever
Tallennettuna:
| Päätekijä: | |
|---|---|
| Aineistotyyppi: | Kirja |
| Kieli: | Undetermined |
| Julkaistu: |
Rome, Italy
FAO
2003
|
| Aiheet: | |
| Tagit: |
Lisää tagi
Ei tageja, Lisää ensimmäinen tagi!
|
| Thư viện lưu trữ: | Trung tâm Học liệu Trường Đại học Cần Thơ |
|---|
| LEADER | 00482nam a2200181Ia 4500 | ||
|---|---|---|---|
| 001 | CTU_59089 | ||
| 008 | 210402s9999 xx 000 0 und d | ||
| 082 | |a 636.089 | ||
| 082 | |b F686 | ||
| 100 | |a F. Glyn Davies | ||
| 245 | 0 | |a Recognizing rift valley fever | |
| 245 | 0 | |c F. Glyn Davies and Vincent Martin | |
| 260 | |a Rome, Italy | ||
| 260 | |b FAO | ||
| 260 | |c 2003 | ||
| 650 | |a veterinary medicine | ||
| 904 | |i Minh | ||
| 980 | |a Trung tâm Học liệu Trường Đại học Cần Thơ | ||